[Event "Chigorin Memorial"]
[Site "St Petersburg RUS"]
[Date "2012.10.30"]
[Round "4.111"]
[White "Turikov, Viktor"]
[Black "Kharchenko, Daniil"]
[Result "1-0"]
[WhiteTitle "FM"]
[WhiteElo "2270"]
[BlackElo "2039"]
[WhiteFideId "4107810"]
[BlackFideId "24101664"]
[EventDate "2012.10.27"]

1. d4 d5 2. c4 c6 3. Nf3 Nf6 4. Nc3 a6 5. e3 b5 6. cxd5 cxd5 7. Bd3 Nc6 8. O-O
e6 9. Bd2 Be7 10. Rc1 Bb7 11. Ne2 O-O 12. Ng3 Qb6 13. Ne5 Ne4 14. Nd7 Qd8 15.
Nxf8 Bxf8 16. Nxe4 dxe4 17. Bxe4 Rc8 18. a4 b4 19. Bf3 Qd7 20. Qe2 Bd6 21. Rfd1
h6 22. Be1 Bb8 23. g3 Qd6 24. Bg2 Kh7 25. f4 Ba7 26. Bf2 Bb6 27. b3 Ba7 28. Rc4
Rb8 29. Bxc6 Bxc6 30. Qc2+ 1-0

[Event "Chigorin Memorial"]
[Site "St Petersburg RUS"]
[Date "2012.10.30"]
[Round "4.112"]
[White "Ignatyev, Viktor"]
[Black "Bajaramov, Elvin"]
[Result "1-0"]
[WhiteElo "2254"]
[BlackElo "2025"]
[WhiteFideId "24182915"]
[BlackFideId "24142514"]
[EventDate "2012.10.27"]

1. d4 d5 2. c4 c6 3. Nf3 Nf6 4. Nc3 a6 5. g3 dxc4 6. Bg2 b5 7. O-O e6 8. a4 Bb7
9. Ne5 Nd5 10. e4 Nxc3 11. bxc3 Bd6 12. f4 Nd7 13. Rb1 O-O 14. Nxc4 Be7 15. e5
Qc7 16. Ne3 Nb6 17. f5 Bg5 18. f6 Rfb8 19. Qh5 h6 20. Ng4 g6 21. Nxh6+ Kf8 22.
Qxg5 Nxa4 23. Ba3+ c5 24. h4 Bxg2 25. Kxg2 b4 26. cxb4 cxd4 27. b5+ Ke8 28. h5
Qc2+ 29. Kh3 Nc3 30. hxg6 Nxb1 31. gxf7+ Kd7 32. f8=Q Rxf8 33. Qg7+ Kc8 34. Rc1
d3 35. Rxc2+ dxc2 36. b6 1-0

[Event "Chigorin Memorial"]
[Site "St Petersburg RUS"]
[Date "2012.10.30"]
[Round "4.114"]
[White "Rjanova, Valery"]
[Black "Salov, Vitaly V."]
[Result "1/2-1/2"]
[WhiteTitle "WFM"]
[WhiteElo "2206"]
[BlackElo "1993"]
[WhiteFideId "24129119"]
[BlackFideId "4128044"]
[EventDate "2012.10.27"]

1. e4 c5 2. Nc3 e5 3. Nf3 d6 4. Bc4 Be7 5. d3 Nf6 6. Ng5 O-O 7. f4 Bg4 8. Nf3
exf4 9. Bxf4 Nc6 10. O-O Nd4 11. Kh1 Qd7 12. Be3 Nc6 13. Qd2 Be6 14. Nd5 Bxd5
15. Bxd5 Nxd5 16. exd5 Nb4 17. c4 Bf6 18. d4 b6 19. a3 Na6 20. Rab1 Rac8 21.
Rfc1 cxd4 22. Nxd4 Nc5 23. b4 Ne4 24. Qd3 Bxd4 25. Qxd4 Rfe8 26. Rf1 Qe7 27.
Rbe1 Qh4 28. Kg1 f5 29. g3 Qh3 30. Rf4 g5 31. Rf3 Rf8 32. Bc1 Rce8 33. Bb2 Re5
34. Ref1 h6 35. Qd3 Ree8 36. Qd4 Re5 37. Qd3 Ree8 38. Qd4 Re5 39. Qd3 Ree8 40.
Qd4 Re5 1/2-1/2

[Event "Chigorin Memorial"]
[Site "St Petersburg RUS"]
[Date "2012.10.30"]
[Round "4.115"]
[White "Belov, Nikita"]
[Black "Denishev, Marat"]
[Result "1-0"]
[WhiteElo "2034"]
[BlackElo "2198"]
[WhiteFideId "24167177"]
[BlackFideId "24131563"]
[EventDate "2012.10.27"]

1. c4 Nf6 2. g3 c5 3. Nc3 Nc6 4. Bg2 g6 5. e3 Bg7 6. Nge2 O-O 7. O-O d6 8. b3
Bf5 9. d3 Qd7 10. Bb2 Rab8 11. Qd2 a6 12. Nd5 e5 13. f4 Nxd5 14. cxd5 Ne7 15.
Rac1 f6 16. Kh1 Bh3 17. Ng1 Bxg2+ 18. Qxg2 Qb5 19. Rc4 Rbe8 20. g4 Qd7 21. Nh3
b5 22. Rc2 a5 23. e4 Bh6 24. g5 Bg7 25. gxf6 Rxf6 26. fxe5 Rxf1+ 27. Qxf1 Bxe5
28. Bxe5 dxe5 29. Ng5 Rf8 30. Rf2 Rxf2 31. Qxf2 Qe8 32. Qf6 Nc8 33. Ne6 Qe7 34.
Qxe7 Nxe7 35. d6 1-0

[Event "Chigorin Memorial"]
[Site "St Petersburg RUS"]
[Date "2012.10.30"]
[Round "4.116"]
[White "Panov, Ivan"]
[Black "Golubov, Saveliy"]
[Result "1-0"]
[WhiteElo "2021"]
[BlackElo "2189"]
[WhiteFideId "24177750"]
[BlackFideId "24176729"]
[EventDate "2012.10.27"]

1. c4 Nf6 2. g3 e6 3. Bg2 d5 4. cxd5 exd5 5. Nf3 Bd6 6. O-O O-O 7. d3 c6 8. Nc3
Bg4 9. Qb3 Qc7 10. h3 Be6 11. Nd4 Nbd7 12. Qc2 a6 13. e4 Bc5 14. Bf4 Qd8 15. Nb3
Be7 16. Be3 dxe4 17. dxe4 Rc8 18. Nd4 Bc5 19. Na4 Bxd4 20. Bxd4 c5 21. Be3 Qe7
22. f4 b5 23. Nc3 Nb6 24. Rfe1 b4 25. Na4 Nxa4 26. Qxa4 Bc4 27. Qc2 Bb5 28. e5
Nd7 29. Rad1 c4 30. Bd4 Nc5 31. Qf5 Nd3 32. e6 f6 33. Re3 Rfd8 34. Be4 g6 35.
Qxf6 Qxf6 36. Bxf6 Rd6 37. Be7 Rd4 38. Bf6 Rd6 39. b3 c3 40. Bxd3 Bxd3 41. Rexd3
Rxd3 42. Rxd3 c2 43. Bb2 c1=Q+ 44. Bxc1 Rxc1+ 45. Kf2 Kf8 46. Rd7 Rc2+ 47. Kf3
Rxa2 48. g4 Rb2 49. f5 Rxb3+ 50. Kf4 gxf5 51. gxf5 Rb1 52. f6 Rf1+ 53. Kg5 Rg1+
54. Kh4 1-0

[Event "Chigorin Memorial"]
[Site "St Petersburg RUS"]
[Date "2012.10.30"]
[Round "4.119"]
[White "Dushin, Nikolay"]
[Black "Torlopov, Nikita"]
[Result "1-0"]
[WhiteElo "2018"]
[BlackElo "2184"]
[WhiteFideId "4114612"]
[BlackFideId "4191722"]
[EventDate "2012.10.27"]

1. d4 Nf6 2. Nf3 c5 3. e3 g6 4. Nbd2 b6 5. c3 Bb7 6. Qb3 Qc7 7. a4 Nc6 8. Bd3
Bg7 9. O-O O-O 10. e4 Nh5 11. d5 Na5 12. Qc2 c4 13. Be2 Nf4 14. Re1 e6 15. dxe6
dxe6 16. Bf1 e5 17. b4 cxb3 18. Nxb3 Nc4 19. a5 Rac8 20. axb6 axb6 21. Bxf4 exf4
22. Nbd4 Ne5 23. Nb5 Nxf3+ 24. gxf3 Qc5 25. Ra7 Bc6 26. Rb1 Ra8 27. Rc7 Be5 28.
Ra7 Rac8 29. Qa2 Ra8 30. c4 Rxa7 31. Nxa7 Ra8 32. Qa6 Bd4 33. Kg2 Qg5+ 34. Kh1
Bxf2 35. Bg2 Qh5 36. Ra1 Bxe4 37. fxe4 f3 38. Bf1 Qg4 1-0

[Event "Chigorin Memorial"]
[Site "St Petersburg RUS"]
[Date "2012.10.30"]
[Round "4.120"]
[White "Shaydullina, Sandugach"]
[Black "Velieva, Hurma"]
[Result "1-0"]
[WhiteTitle "WGM"]
[WhiteElo "2162"]
[BlackElo "1966"]
[WhiteFideId "4140389"]
[BlackFideId "14002272"]
[EventDate "2012.10.27"]

1. d4 Nf6 2. c4 e6 3. Nc3 Bb4 4. Qc2 c5 5. dxc5 Qa5 6. Bd2 Qxc5 7. e3 d5 8. a3
Bxc3 9. Bxc3 Nbd7 10. Nf3 Qc7 11. O-O-O O-O 12. g4 dxc4 13. Ng5 h6 14. h4 Rd8
15. Rxd7 Qxd7 16. Bxf6 gxf6 17. Nh7 Kg7 18. g5 f5 19. Nf6 Qc6 20. Rg1 Rh8 21.
Qc3 Kf8 22. Qb4+ Kg7 23. Qe7 h5 24. g6 Bd7 25. Qxf7+ Kh6 26. g7 1-0

[Event "Chigorin Memorial"]
[Site "St Petersburg RUS"]
[Date "2012.10.30"]
[Round "4.121"]
[White "Nedostup, Daniil"]
[Black "Maltsev, Leonid"]
[Result "1/2-1/2"]
[BlackTitle "CM"]
[WhiteElo "2152"]
[BlackElo "1947"]
[WhiteFideId "24121576"]
[BlackFideId "14116413"]
[EventDate "2012.10.27"]

1. e4 c5 2. c3 g6 3. Nf3 Bg7 4. d4 cxd4 5. cxd4 d5 6. e5 Bg4 7. Nc3 Nc6 8. Bb5
e6 9. Bxc6+ bxc6 10. O-O Ne7 11. h3 Bxf3 12. Qxf3 Rb8 13. Na4 Nf5 14. Qc3 O-O
15. b3 Qh4 16. Bb2 Rfe8 17. Kh2 Rbc8 18. Nc5 Qe7 19. a4 f6 20. f4 fxe5 21. fxe5
Bh6 22. Rf3 Ng7 23. Ba3 Qc7 24. Raf1 Bg5 25. Qd3 Nf5 26. g4 Nh6 27. Qe2 Kg7 28.
Qf2 Qe7 29. Rf6 1/2-1/2

[Event "Chigorin Memorial"]
[Site "St Petersburg RUS"]
[Date "2012.10.30"]
[Round "4.122"]
[White "Kuzmin, Arseniy"]
[Black "Napalkov, Vladimir"]
[Result "1/2-1/2"]
[WhiteElo "1982"]
[BlackElo "2150"]
[WhiteFideId "24150827"]
[BlackFideId "4149424"]
[EventDate "2012.10.27"]

1. e4 e6 2. Nf3 d5 3. d3 Nf6 4. e5 Nfd7 5. Bf4 c5 6. c4 Nc6 7. Na3 d4 8. Qe2 b6
9. h4 Bb7 10. O-O-O a6 11. h5 h6 12. Rg1 Be7 13. g3 b5 14. Bg2 Qa5 15. Kb1 Qb6
16. Nd2 b4 17. Nc2 Qc7 18. Rde1 a5 19. b3 a4 20. Kb2 Ra7 21. Be4 Qa5 22. Ra1 Qc7
23. Rae1 Qa5 24. Ra1 Qc7 25. Rae1 Qa5 1/2-1/2

[Event "Chigorin Memorial"]
[Site "St Petersburg RUS"]
[Date "2012.10.30"]
[Round "4.123"]
[White "Pen, Pyotr"]
[Black "Chuprova, Irina"]
[Result "1-0"]
[WhiteElo "2150"]
[BlackElo "1945"]
[WhiteFideId "24129950"]
[BlackFideId "24138584"]
[EventDate "2012.10.27"]

1. b4 e5 2. Bb2 f6 3. a3 d5 4. e3 Be6 5. f4 Nd7 6. Nf3 Bd6 7. g3 Ne7 8. Bg2 O-O
9. O-O c6 10. d3 Qb6 11. Qe1 Nf5 12. d4 e4 13. Nfd2 a5 14. c4 axb4 15. g4 Nh6
16. f5 Bf7 17. c5 Nxc5 18. dxc5 Bxc5 19. h3 Bxe3+ 20. Kh1 b3 21. a4 Bxd2 22.
Nxd2 Be8 23. Qd1 c5 24. Qxb3 Qxb3 25. Nxb3 Rxa4 26. Nxc5 Rxa1 27. Rxa1 Bc6 28.
Bd4 Nf7 29. Bf1 Nd6 30. Ne6 Rc8 31. Kh2 Kf7 32. Kg3 g6 33. Bc5 Ne8 34. Ra7 h5
35. Bb5 gxf5 36. gxf5 Nc7 37. Bxc6 Nxe6 38. Bxd5 Rxc5 39. Rxb7+ Ke8 40. Bxe6
Rc3+ 41. Kh4 e3 42. Bf7+ 1-0

[Event "Chigorin Memorial"]
[Site "St Petersburg RUS"]
[Date "2012.10.30"]
[Round "4.124"]
[White "Ivanov, Rostislav"]
[Black "Doronkin, Grigory"]
[Result "1-0"]
[WhiteTitle "FM"]
[WhiteElo "2146"]
[BlackElo "1942"]
[WhiteFideId "4160495"]
[BlackFideId "24164305"]
[EventDate "2012.10.27"]

1. e4 c6 2. d4 d5 3. e5 Bf5 4. Nc3 e6 5. g4 Bg6 6. Nge2 f6 7. exf6 gxf6 8. h4
Nd7 9. Nf4 Bf7 10. Qe2 Qe7 11. Rh3 O-O-O 12. Nd3 Bg7 13. f4 Re8 14. Bd2 e5 15.
dxe5 fxe5 16. fxe5 d4 17. Ne4 Nxe5 18. O-O-O Bg6 19. Re1 Nxd3+ 20. cxd3 Bxe4 21.
dxe4 Qe5 22. Rb3 Nf6 23. g5 Qc5+ 24. Kb1 Rxe4 25. Bh3+ Kd8 26. Qh2 Rxe1+ 27.
Bxe1 1-0

[Event "Chigorin Memorial"]
[Site "St Petersburg RUS"]
[Date "2012.10.30"]
[Round "4.125"]
[White "Kondratiev, Denis"]
[Black "Lutovinov, Alexander"]
[Result "1-0"]
[WhiteElo "1972"]
[BlackElo "2145"]
[WhiteFideId "4181220"]
[BlackFideId "34114758"]
[EventDate "2012.10.27"]

1. e4 e5 2. Nf3 Nc6 3. Bb5 a6 4. Ba4 Nf6 5. O-O Be7 6. Re1 b5 7. Bb3 O-O 8. a4
b4 9. d4 d6 10. h3 Bb7 11. c3 Na5 12. Bc2 b3 13. Bd3 c5 14. Nbd2 Rb8 15. d5 Nd7
16. Nxb3 Nxb3 17. Qxb3 f5 18. Qc2 f4 19. b4 Bc8 20. Rb1 Qe8 21. Qe2 Ra8 22. Bd2
Bd8 23. c4 g5 24. a5 Qg6 25. Ra1 h5 26. b5 g4 27. hxg4 hxg4 28. Nh2 Nf6 29. b6
Rb8 30. g3 Nh5 31. gxf4 Nxf4 32. Bxf4 Rxf4 33. Nf1 Rb7 34. Ng3 Rbf7 35. Nf5 g3
36. f3 Bxf5 37. exf5 Qh5 38. Qg2 Rh4 39. Re4 Rh2 40. Qxg3+ Rg7 41. Rg4 Rh1+ 42.
Kg2 Rxg4 43. fxg4 Qh6 44. Rxh1 Qd2+ 45. Kg1 Bg5 46. b7 Be3+ 47. Kf1 Qd1+ 48. Kg2
Qd2+ 49. Kh3 1-0

[Event "Chigorin Memorial"]
[Site "St Petersburg RUS"]
[Date "2012.10.30"]
[Round "4.126"]
[White "Pischikov, Vadim"]
[Black "Schekachikhin, Maksim"]
[Result "1-0"]
[WhiteElo "2143"]
[BlackElo "1921"]
[WhiteFideId "4100280"]
[BlackFideId "24177830"]
[EventDate "2012.10.27"]

1. c4 e5 2. g3 Nf6 3. Bg2 Nc6 4. b3 g6 5. Bb2 d6 6. d3 Bg7 7. e3 O-O 8. Ne2 Bg4
9. h3 Bd7 10. O-O Qc8 11. Kh2 Nh5 12. Nbc3 Ne7 13. Qd2 f5 14. f4 c6 15. Ba3 Qc7
16. fxe5 Bxe5 17. d4 Bg7 18. d5 c5 19. Rae1 Rae8 20. Bf3 Nf6 21. Nf4 Qa5 22. Nb1
Qxd2+ 23. Nxd2 Nc8 24. Nd3 b6 25. b4 Ne4 26. Bxe4 fxe4 27. Rxf8+ Kxf8 28. Rf1+
Kg8 29. Nf2 Ne7 30. g4 Be5+ 31. Kg2 Kg7 32. Nfxe4 h5 33. bxc5 bxc5 34. Nf3 hxg4
35. Nxe5 gxh3+ 36. Kh2 dxe5 37. Nxc5 1-0

[Event "Chigorin Memorial"]
[Site "St Petersburg RUS"]
[Date "2012.10.30"]
[Round "4.128"]
[White "Naslund, Mikael"]
[Black "Zakharov, Yuri"]
[Result "1/2-1/2"]
[WhiteTitle "FM"]
[WhiteElo "2142"]
[BlackElo "1902"]
[WhiteFideId "1708260"]
[BlackFideId "4166620"]
[EventDate "2012.10.27"]

1. d4 Nf6 2. c4 g6 3. Nc3 Bg7 4. e4 d6 5. f3 c6 6. Be3 a6 7. Qd2 b5 8. Bd3 bxc4
9. Bxc4 O-O 10. Nge2 d5 11. Bb3 dxe4 12. Nxe4 Nd5 13. Bh6 Nd7 14. Bxg7 Kxg7 15.
O-O Qb6 16. Rac1 a5 17. Nc5 N7f6 18. Rfe1 Ra7 19. Kh1 Ba6 20. Ng3 Bb5 21. Qg5 e6
22. Nge4 Ne8 23. Qe5+ Kg8 24. Nf2 Qd8 25. a4 Ba6 26. Nxe6 fxe6 27. Ng4 h5 28.
Rxc6 Bc8 29. Bxd5 Qxd5 30. Qxd5 exd5 31. Rxe8 Rxe8 32. Nf6+ Kf8 33. Nxe8 Re7 34.
Kg1 Rxe8 35. Kf2 Bf5 36. Rc5 Rb8 37. Rxd5 Rxb2+ 38. Kg3 Rb4 39. Rxa5 Rxd4 40. h4
Ke7 41. Ra6 Kd7 42. a5 Ra4 43. Ra8 Kc7 44. a6 Bc8 45. a7 Bf5 46. Rg8 Rxa7 47.
Rg7+ Kb6 48. Rxa7 Kxa7 49. Kf4 Kb6 50. Kg5 Kc6 51. g4 hxg4 1/2-1/2

[Event "Chigorin Memorial"]
[Site "St Petersburg RUS"]
[Date "2012.10.30"]
[Round "4.129"]
[White "Aleksanyan, Gor"]
[Black "Menkov, Aleksandr"]
[Result "0-1"]
[WhiteElo "1948"]
[BlackElo "2142"]
[WhiteFideId "13306626"]
[BlackFideId "24160326"]
[EventDate "2012.10.27"]

1. e4 c5 2. Nf3 e6 3. d4 cxd4 4. Nxd4 Nf6 5. Bd3 Nc6 6. Nxc6 bxc6 7. O-O d5 8.
Nd2 Bd6 9. b3 O-O 10. Bb2 e5 11. exd5 cxd5 12. c4 e4 13. Be2 d4 14. Bxd4 Bxh2+
15. Kxh2 Qxd4 16. Kg1 Bb7 17. Qc2 Rfe8 18. Rad1 e3 19. Nb1 Qc5 20. Nc3 Qg5 21.
Nd5 Nxd5 22. cxd5 Bxd5 23. Rxd5 exf2+ 24. Rxf2 Qxd5 25. Kf1 Qe5 26. Rf5 Qa1+ 27.
Kf2 Rac8 28. Bc4 Qe1+ 29. Kf3 Re3+ 0-1

[Event "Chigorin Memorial"]
[Site "St Petersburg RUS"]
[Date "2012.10.30"]
[Round "4.130"]
[White "Nikitinyh, Boris"]
[Black "Sladkov, Andrey"]
[Result "1/2-1/2"]
[WhiteElo "2142"]
[BlackElo "1876"]
[WhiteFideId "4198328"]
[BlackFideId "24160350"]
[EventDate "2012.10.27"]

1. e4 c6 2. d4 d5 3. Nc3 dxe4 4. Nxe4 Bf5 5. Ng3 Bg6 6. h4 h6 7. Nf3 Nd7 8. h5
Bh7 9. Bd3 Bxd3 10. Qxd3 e6 11. Bd2 Ngf6 12. O-O-O Be7 13. Kb1 O-O 14. Ne4 Nxe4
15. Qxe4 Nf6 16. Qe2 Qc7 17. g4 Nh7 18. Ne5 Rad8 19. c3 c5 20. Be3 cxd4 21. cxd4
Bd6 22. f4 Bxe5 23. dxe5 Rxd1+ 24. Rxd1 a6 25. Qc2 Qxc2+ 26. Kxc2 Rc8+ 27. Kb3
Nf8 28. a4 g6 29. a5 Kg7 30. Bb6 f6 31. Bd8 fxe5 32. fxe5 Kf7 33. Bb6 Ke7 34.
Be3 g5 35. Bd2 Nd7 36. Bb4+ Ke8 37. Rd6 Rc6 38. Rxc6 bxc6 39. Bd6 Kd8 40. Kc4
Kc8 41. Kd4 Kd8 42. Bb4 Ke8 43. Bc5 Kf7 44. Bb4 Ke8 45. Bd2 Kf7 46. Be3 Ke8 47.
Ke4 Kf7 48. Bb6 Ke8 49. Kd4 Ke7 50. Bc7 Ke8 51. Bd6 Kf7 52. Kc4 1/2-1/2

[Event "Chigorin Memorial"]
[Site "St Petersburg RUS"]
[Date "2012.10.30"]
[Round "4.131"]
[White "Andreeva, Yulia"]
[Black "Basencyan, Mark"]
[Result "1-0"]
[WhiteElo "1944"]
[BlackElo "2139"]
[WhiteFideId "4108302"]
[BlackFideId "13300725"]
[EventDate "2012.10.27"]

1. d4 d5 2. c4 e6 3. Nc3 Be7 4. Nf3 Nf6 5. Bg5 O-O 6. e3 h6 7. Bh4 b6 8. cxd5
Nxd5 9. Bxe7 Qxe7 10. Nxd5 exd5 11. Bd3 Bg4 12. O-O Nd7 13. Rc1 c5 14. dxc5 bxc5
15. h3 Be6 16. b3 Rab8 17. Re1 a5 18. a4 Rfc8 19. Ba6 Rc7 20. Bb5 Qd6 21. Nd2
Qb6 22. e4 d4 23. f4 Nf8 24. f5 Bd7 25. Bc4 Bc8 26. Qh5 Qf6 27. Rf1 Re7 28. Bd5
Ba6 29. Rfe1 Nd7 30. Nf3 Rf8 31. Qg4 d3 32. Rcd1 Ne5 33. Nxe5 Rxe5 34. Qg3 Rd8
35. Qf2 Qe7 36. Qd2 Qc7 37. f6 g5 38. Qf2 Qd6 39. Qf3 Rd7 40. Rf1 Kh8 41. Qh5
Qf8 42. h4 Kh7 43. Rf3 Qg8 44. Qg4 Rd8 45. Qg3 Rde8 46. Qf2 gxh4 47. Qxh4 Rg5
48. Qh2 Ree5 49. Rd2 Qg6 50. Qf4 Qh5 51. Qe3 Rxd5 52. exd5 Rxd5 53. Qe4+ Kg8 54.
Rh3 Qe5 55. Qg4+ Qg5 56. Qf3 Kh7 57. Rg3 Qe5 58. Rg7+ Kh8 59. Qg4 Qxf6 60. Rg8+
Kh7 61. Rf2 d2 62. Qe4+ Kxg8 63. Qxd5 Qa1+ 64. Kh2 Qg7 65. Rxd2 Qg4 66. Qd8+ Kh7
67. Qf6 Qh5+ 68. Kg1 Bb7 69. Rd8 1-0

[Event "Chigorin Memorial"]
[Site "St Petersburg RUS"]
[Date "2012.10.30"]
[Round "4.132"]
[White "Shagdurov, Denis"]
[Black "Bivol, Alina"]
[Result "0-1"]
[BlackTitle "WFM"]
[WhiteElo "1890"]
[BlackElo "2137"]
[WhiteFideId "24136735"]
[BlackFideId "4100123"]
[EventDate "2012.10.27"]

1. e4 e6 2. d4 d5 3. Nc3 Bb4 4. Ne2 Nc6 5. a3 Ba5 6. e5 f6 7. Nf4 Qe7 8. Bb5 Bd7
9. Bxc6 bxc6 10. O-O fxe5 11. Qh5+ Qf7 12. Qxe5 Ne7 13. Na4 Bb6 14. Nd3 O-O 15.
Nac5 Nf5 16. c3 Rae8 17. Qe2 Bxc5 18. Nxc5 Bc8 19. Qe5 Nd6 20. b3 Qf6 21. Qxf6
gxf6 22. Bh6 Rf7 23. Rfe1 e5 24. a4 Rfe7 25. Kf1 exd4 26. Rxe7 Rxe7 27. cxd4 Ne4
28. Re1 Kf7 29. Bf4 Nxc5 30. Rxe7+ Kxe7 31. dxc5 d4 32. Ke2 Ke6 33. Bxc7 Kd5 34.
Bd6 Bf5 35. Kd2 Bb1 36. Kc1 Bd3 37. Kd2 Bf1 38. g4 Bg2 39. f4 Bh3 40. g5 fxg5
41. fxg5 a6 42. Kd3 Bf5+ 43. Kd2 Ke4 44. Bc7 Be6 45. a5 Bxb3 46. Bb8 Bf7 47. Bc7
Bg6 48. Bb8 Kd5 49. Ba7 Kc4 50. h4 Kb5 51. Bb6 Kb4 52. h5 Bf5 53. g6 hxg6 54.
hxg6 Bxg6 55. Kc1 Kc3 56. Kd1 Bh5+ 0-1

[Event "Chigorin Memorial"]
[Site "St Petersburg RUS"]
[Date "2012.10.30"]
[Round "4.133"]
[White "Gorjunov, Sergey2"]
[Black "Kuvyrshin, Maksim"]
[Result "1-0"]
[WhiteElo "2134"]
[BlackElo "1865"]
[WhiteFideId "4166590"]
[BlackFideId "24177563"]
[EventDate "2012.10.27"]

1. e4 c5 2. Nf3 d6 3. d4 cxd4 4. Nxd4 Nf6 5. Nc3 g6 6. Be3 Bg7 7. f3 O-O 8. Qd2
Nc6 9. O-O-O d5 10. Kb1 Nxd4 11. e5 Nf5 12. exf6 exf6 13. Nxd5 Nxe3 14. Qxe3 Be6
15. Bc4 f5 16. c3 Re8 17. Rhe1 Bxd5 18. Qxe8+ Qxe8 19. Rxe8+ Rxe8 20. Rxd5 Bf6
21. Rd7 Re7 22. Rxe7 Bxe7 23. Kc2 Kf8 24. Kd3 Bd6 25. Bd5 b6 26. Kc4 Bc5 27. Kb5
a5 28. b4 axb4 29. cxb4 Be3 30. a4 Ke7 31. Kc6 Bg1 32. h3 f4 33. a5 bxa5 34.
bxa5 Kf6 35. h4 h5 36. a6 Kg7 37. Kb7 f6 38. a7 Bxa7 39. Kxa7 g5 40. Be6 Kf8 41.
Kb6 Ke7 42. Bf5 gxh4 43. Kc5 Kf7 44. Kd5 h3 45. Bxh3 Kg6 46. Ke6 Kg5 47. Bf5 h4
48. Bg4 Kg6 49. Bh3 Kg5 50. Bf5 h3 51. Bxh3 Kg6 52. Bg4 Kg5 53. Bf5 Kh4 54. Kxf6
Kg3 55. Bh3 Kf2 56. Kf5 Kg3 57. Kg5 1-0

[Event "Chigorin Memorial"]
[Site "St Petersburg RUS"]
[Date "2012.10.30"]
[Round "4.134"]
[White "Kozhabekov, Adilkhan"]
[Black "Klevets, Ksenia"]
[Result "0-1"]
[WhiteElo "2127"]
[BlackElo "1861"]
[WhiteFideId "13702858"]
[BlackFideId "24157937"]
[EventDate "2012.10.27"]

1. d4 d5 2. Nf3 Nf6 3. Bg5 g6 4. Nbd2 Bg7 5. e3 O-O 6. Be2 h6 7. Bh4 Bf5 8. O-O
Nbd7 9. c3 c6 10. h3 g5 11. Bg3 Ne4 12. Nxe4 dxe4 13. Nd2 e5 14. Nc4 Qe7 15.
dxe5 Nxe5 16. Qd6 Rfe8 17. Bxe5 Bxe5 18. Qxh6 Bf6 19. f4 exf3 20. Rxf3 Bg6 21.
Rg3 b5 22. Nd2 Qd6 23. Nf1 Re5 24. Rd1 Qe7 25. h4 Bg7 26. Qxg5 Rxg5 27. hxg5 Rd8
28. Re1 Be5 29. Rg4 Bh5 30. Rh4 Bxe2 31. Rxe2 Qxg5 32. g3 Bxg3 33. Rh3 Rd1 34.
Rg2 Qxe3+ 0-1

[Event "Chigorin Memorial"]
[Site "St Petersburg RUS"]
[Date "2012.10.30"]
[Round "4.135"]
[White "Aleksandrov, Grigoriy"]
[Black "Saveliev, Alexei"]
[Result "0-1"]
[WhiteElo "1871"]
[BlackElo "2126"]
[WhiteFideId "24199656"]
[BlackFideId "24128546"]
[EventDate "2012.10.27"]

1. d4 Nf6 2. c4 e6 3. Nc3 Bb4 4. Bd2 O-O 5. Nf3 b6 6. e3 Bb7 7. Bd3 Bxc3 8. Bxc3
Ne4 9. Bxe4 Bxe4 10. O-O f5 11. Nd2 Bb7 12. f3 d6 13. e4 fxe4 14. fxe4 Rxf1+ 15.
Qxf1 Qg5 16. d5 e5 17. Qe2 Nd7 18. Nf3 Qg4 19. Nd4 Qxe2 20. Nxe2 h5 21. Rf1 Nf6
22. Ng3 Rf8 23. Re1 g6 24. Bd2 Kg7 25. Bg5 Nh7 26. Be3 Nf6 27. Bg5 Nh7 28. Be3
a5 29. a4 Nf6 30. Bg5 Nd7 31. Be3 Ba6 32. b3 Rb8 33. Nf1 Nc5 34. Bxc5 bxc5 35.
Re3 Bc8 36. h3 Bd7 37. Nd2 g5 38. Re2 Kg6 39. Rf2 h4 40. Kf1 g4 41. hxg4 Bxg4
42. Ke1 Kg7 43. Rf1 Rh8 44. Nb1 Rb8 45. Nd2 Kg6 46. Rh1 Rh8 47. Kf2 Kg5 48. Ke3
h3 49. gxh3 Rxh3+ 50. Rxh3 Bxh3 51. Nb1 Bd7 52. Kf3 Bg4+ 53. Kg3 Bd1 54. Nd2 Bc2
55. Nf3+ Kh5 56. Nd2 Bd1 57. Kh3 Kg5 58. Kg3 Be2 59. Nb1 Bd1 60. Nd2 Kh6 61. Kh4
Be2 62. Nb1 Bf3 63. Nd2 Bd1 64. Kh3 Kh5 65. Kg3 Kg5 66. Nb1 Bxb3 67. Na3 Bxa4
68. Kf3 Kh4 0-1

[Event "Chigorin Memorial"]
[Site "St Petersburg RUS"]
[Date "2012.10.30"]
[Round "4.136"]
[White "Chehlov, Aleksander"]
[Black "Ustich, Ekaterina"]
[Result "1-0"]
[WhiteTitle "FM"]
[WhiteElo "2124"]
[BlackElo "1857"]
[WhiteFideId "11600632"]
[BlackFideId "24179221"]
[EventDate "2012.10.27"]

1. e4 e5 2. f4 exf4 3. Nf3 d6 4. d4 g5 5. h4 g4 6. Ng1 f5 7. Nc3 Bh6 8. Qd3 Qf6
9. Nd5 Qf7 10. Bxf4 c6 11. Bxh6 cxd5 12. Bf4 dxe4 13. Qg3 Nc6 14. Bxd6 Nxd4 15.
Qe5+ Ne6 16. Qxh8 Ng7 17. Be5 Nh5 18. O-O-O Bd7 19. Bd4 O-O-O 20. Qe5 Ne7 21.
Qc5+ Nc6 22. Bc4 Be6 23. Bxe6+ Qxe6 24. Ne2 b6 25. Qb5 Rd5 26. Qa6+ Kc7 27. Bc3
f4 28. Rxd5 Qxd5 29. Rd1 Qg8 30. Nd4 Nxd4 31. Qxa7+ Kc6 32. Bxd4 Qd8 33. Be5 1-0

[Event "Chigorin Memorial"]
[Site "St Petersburg RUS"]
[Date "2012.10.30"]
[Round "4.137"]
[White "Radkov, Bazhen D."]
[Black "Pershina, Elena"]
[Result "0-1"]
[BlackTitle "WFM"]
[WhiteElo "1860"]
[BlackElo "2122"]
[WhiteFideId "24170593"]
[BlackFideId "24147516"]
[EventDate "2012.10.27"]

1. d4 Nf6 2. Nf3 c5 3. d5 e6 4. c4 exd5 5. cxd5 d6 6. Nc3 Be7 7. e4 O-O 8. h3
Nbd7 9. Bd3 Ne8 10. O-O Bf6 11. Bf4 Ne5 12. Nxe5 Bxe5 13. Bxe5 dxe5 14. f4 exf4
15. Rxf4 Qg5 16. Qf3 Nd6 17. Rf1 Bd7 18. Ne2 Rae8 19. Ng3 Re5 20. h4 Qg6 21. Nf5
Nxf5 22. exf5 Qf6 23. Kh1 Rfe8 24. Be4 b6 25. h5 Qg5 26. g4 Bb5 27. Rd1 Be2 0-1